00761nam a2200217Ia 4500003000900000008004100009020002200050040001600072080001500088100002500103245006500128260004200193300001600235650002900251650003000280650003200310650003100342942000700373999001700380952014600397IN-BaIIA211028s9999 xx 000 0 eng d a978-0-471-29335-4 cIIA Library a524.5bSPI aSpitzer, Lyman95802 0aPhysical processes in the interstellar mediumcLyman Spitzer aWeinheimbWiley-VCH Verlag Gmbhc2004 axvii, 318p. aElastic collision935537 aInterstellar matter91189 aKinetic equillibrium935538 aRadiative processes919865 cBK c18499d18499 00104070aBANbBANcGENd2013-01-22eANJ g5663.00l3m1o524.5/ SPIp19421r2025-01-15s2024-08-28v5663.00w2013-01-22yBKGRs. 5663.00